हरी भरीः वारली लोक कथा / (Record no. 21881)

MARC details
000 -LEADER
fixed length control field 03341nam a22003977a 4500
005 - DATE AND TIME OF LATEST TRANSACTION
control field 20100106134516.0
010 ## - LCCN (DPL NO)
LC control number B-349623-627 B-436063-067
020 ## - INTERNATIONAL STANDARD BOOK NUMBER
Terms of availability 20.00
International Standard Book Number 9788182639782
035 ## - SYSTEM CONTROL NUMBER
System control number B-349623-627
035 ## - SYSTEM CONTROL NUMBER
System control number B-436063-067
037 ## - SOURCE OF ACQUISITION
Source of stock number/acquisition प्रथम बुक्स
037 ## - SOURCE OF ACQUISITION
Source of stock number/acquisition ब्लयूबेरी बुक्स
082 ## - DEWEY DECIMAL CLASSIFICATION NUMBER
Classification number
100 ## - MAIN ENTRY--PERSONAL NAME
Personal name
245 ## - TITLE STATEMENT
Title हरी भरीः वारली लोक कथा /
Statement of responsibility, etc बेनीता सेन द्वारा पुनर्लखन; राजीव वर्मा द्वारा चित्रांकित ;मनीषा चौधरी द्वारा अनुदित
246 ## - VARYING FORM OF TITLE
Title proper/short title Hari bhari : varli lok kath
Remainder of title
260 ## - PUBLICATION, DISTRIBUTION, ETC. (IMPRINT)
Place of publication, distribution, etc नई दिल्ली
Name of publisher, distributor, etc प्रथम बुक्स
Date of publication, distribution, etc 2007
270 ## - ADDRESS
City नई दिल्ली
Telephone number 011-65684113
Fax number
Electronic mail address www.prathambooks.org
300 ## - PHYSICAL DESCRIPTION
Extent अ.पृ.;
Dimensions 21सेमी (अजिल्द)
Other physical details सचित्र
490 ## - SERIES STATEMENT
Series statement
-- 31961
500 ## - GENERAL NOTE
General note
700 ## - ADDED ENTRY--PERSONAL NAME
Personal name चौधरी, मनीषा
9 (RLIN) 31407
942 ## - ADDED ENTRY ELEMENTS (KOHA)
Source of classification or shelving scheme Dewey Decimal Classification
Item type Children Books
Call number suffix हरीभ
Classification part
Holdings
Withdrawn status Lost status Not for loan Collection code Home library Current library Date acquired Source of acquisition Cost, normal purchase price Full call number Barcode Copy number Cost, replacement price Koha item type
      Fiction Central Library Central Library 06/01/2010 080/6.7.09/8/23.4.09/29.7.09 20.00 क हरीभ B-349623 1 20.00 Children Books
      Fiction Central Library Central Library 08/08/2011 ब्ल्यू बेरी/6364/25.3.2011/83/21.3.11/31.3.11 20.00 क हरीभ B-436063 1 20.00 Children Books
      Fiction Karol Bagh Karol Bagh 06/01/2010 080/6.7.09/8/23.4.09/29.7.09 20.00 क हरीभ B-349626 1 20.00 Children Books
      Fiction Karol Bagh Karol Bagh 08/08/2011 ब्ल्यू बेरी/6364/25.3.2011/83/21.3.11/31.3.11 20.00 क हरीभ B-436066 1 20.00 Children Books
      Fiction Patel Nagar Patel Nagar 06/01/2010 080/6.7.09/8/23.4.09/29.7.09 20.00 क हरीभ B-349624 1 20.00 Children Books
  Lost and Paid For   Fiction Patel Nagar Patel Nagar 08/08/2011 ब्ल्यू बेरी/6364/25.3.2011/83/21.3.11/31.3.11 20.00 क हरीभ B-436064 1 20.00 Children Books
      Fiction Sarojini Nagar Sarojini Nagar 06/01/2010 080/6.7.09/8/23.4.09/29.7.09 20.00 क हरीभ B-349625 1 20.00 Children Books
      Fiction Sarojini Nagar Sarojini Nagar 08/08/2011 ब्ल्यू बेरी/6364/25.3.2011/83/21.3.11/31.3.11 20.00 क हरीभ B-436065 1 20.00 Children Books
      Fiction Shahdara Branch Shahdara Branch 06/01/2010 080/6.7.09/8/23.4.09/29.7.09 20.00 क हरीभ B-349627 1 20.00 Children Books
  Written-off vide DLB M. No. 383 dt 16.05.19   Fiction Shahdara Branch Shahdara Branch 08/08/2011 ब्ल्यू बेरी/6364/25.3.2011/83/21.3.11/31.3.11 20.00 क हरीभ B-436067 1 20.00 Children Books

© Delhi Public Library
Hit Counter
free hit counter